| Tag |
First Indicator |
Second Indicator |
Subfields |
| LEADER |
00000cam a2200000 a 4500 |
| 001 |
in00001290141 |
| 005 |
20151004093731.0 |
| 008 |
950303s1995 mau b 001 0 eng |
| 010 |
|
|
|a 95011501
|
| 020 |
|
|
|a 1555532357 (cloth : acid-free paper)
|
| 020 |
|
|
|a 1555532365 (pbk. : acid-free paper)
|
| 035 |
|
|
|a (OCoLC)32202676
|
| 035 |
|
|
|9 AGZ8598AM
|
| 040 |
|
|
|a DLC
|c DLC
|d TXA
|d UtOrBLW
|
| 043 |
|
|
|a n-us---
|
| 049 |
|
|
|a TXAM
|
| 050 |
0 |
0 |
|a HV6030
|b .T69 1995
|
| 082 |
0 |
0 |
|a 364.973
|2 20
|
| 090 |
|
|
|a HV6030
|b .C85 1995
|
| 245 |
0 |
0 |
|a Cultural criminology /
|c Jeff Ferrell & Clinton R. Sanders, [editors].
|
| 264 |
|
1 |
|a Boston :
|b Northeastern University Press,
|c [1995]
|
| 264 |
|
4 |
|c ©1995
|
| 300 |
|
|
|a x, 365 pages ;
|c 24 cm.
|
| 336 |
|
|
|a text
|b txt
|2 rdacontent
|
| 337 |
|
|
|a unmediated
|b n
|2 rdamedia
|
| 338 |
|
|
|a volume
|b nc
|2 rdacarrier
|
| 504 |
|
|
|a Includes bibliographical references (pages [327]-354) and index.
|
| 650 |
|
0 |
|a Crime
|z United States.
|
| 650 |
|
0 |
|a Popular culture
|z United States.
|
| 650 |
|
0 |
|a Crime in mass media
|z United States.
|
| 650 |
|
0 |
|a Social control
|z United States.
|
| 651 |
|
0 |
|a United States
|x Social conditions.
|
| 700 |
1 |
|
|a Ferrell, Jeff.
|
| 700 |
1 |
|
|a Sanders, Clinton.
|
| 999 |
|
|
|a MARS
|
| 999 |
f |
f |
|s fbe2827a-f150-3ce2-aab8-1a071e863dbb
|i 82417ddd-f993-3ea2-9873-3478fb99cc7c
|t 0
|
| 952 |
f |
f |
|p ric
|a Texas A&M University
|b Rellis Campus
|c Joint Library Facility
|d Remote Storage
|t 0
|e HV6030 .C85 1995
|h Library of Congress classification
|i unmediated -- volume
|m A14819951184
|
| 998 |
f |
f |
|a HV6030 .C85 1995
|t 0
|l Remote Storage
|